Odpisy dlhodobého hmotného majetku s technickým zhodnotením

Pojem a členenie majetku. Odpisovanie dlhodobého hmotného majetku. Ilustračné príklady.

Salvato in:
Dettagli Bibliografici
Autore principale: Paliderová, Martina
Natura: Capitolo di libro
Lingua:slovacco
Soggetti:
Tags: Aggiungi Tag
Nessun Tag, puoi essere il primo ad aggiungerne!!

MARC

LEADER 00000naa a2200000 4500
001 0248000
005 20221104111013.4
041 0 |a slo 
044 |a SK 
245 1 0 |a Odpisy dlhodobého hmotného majetku s technickým zhodnotením  |c Martina Paliderová 
520 |a Pojem a členenie majetku. Odpisovanie dlhodobého hmotného majetku. Ilustračné príklady. 
610 2 0 |a majetok hmotný 
610 2 0 |a majetok dlhodobý 
610 2 0 |a odpisy účtovné 
610 2 0 |a odpisy daňové 
610 2 0 |a účtovníctvo podvojné 
100 1 |a Paliderová, Martina